[Event "Moscow ol (Men)"]
[Site "Moscow"]
[Date "1994.??.??"]
[Round "5"]
[White "David, Alberto"]
[Black "Atlas, Valeri"]
[Result "0-1"]
[WhiteElo "2425"]
[BlackElo "2450"]

1.d4 Nf6 2.Bg5 e6 3.e4 h6 4.Bxf6 Qxf6 5.Nc3 Qd8 6.Qd2 d5 7.a3 Be7 8.f4 b6
9.Nf3 dxe4 10.Nxe4 Bb7 11.Bb5+ c6 12.Bd3 Nd7 13.O-O-O Qc7 14.Ne5 Nxe5 15.dxe5 O-O-O
16.Qe2 Kb8 17.Rd2 Rd7 18.Rhd1 Rhd8 19.g3 Rd4 20.h4 b5 21.c3 R4d5 22.Kb1 Qb6
23.Ka1 a6 24.Bc2 c5 25.c4 Rd4 26.Rxd4 cxd4 27.b4 bxc4 28.Qxc4 Rc8 29.Nc5 Bxc5
30.bxc5 Qxc5 31.Qxc5 Rxc5 32.Kb2 Rd5 33.Bd3 Kc7 34.Bc4 Rd7 35.Kc2 Be4+ 36.Bd3 Bc6
37.Rb1 a5 38.Bc4 Be4+ 39.Bd3 Bc6 40.Bc4 Be4+ 41.Bd3 Bg2 42.Bc4 Rd8 43.Bd3 Rd5
44.Bh7 g6 45.Kd3 Bh3 46.Rc1+ Kd7 47.a4 Bf5+ 48.Kd2 h5  0-1

[Event "Moscow ol (Men)"]
[Site "Moscow"]
[Date "1994.??.??"]
[Round "9"]
[White "Arduman, Can"]
[Black "Yermolinsky, Alex"]
[Result "1/2-1/2"]
[WhiteElo "2365"]
[BlackElo "2590"]

1.d4 Nf6 2.Bg5 e6 3.Nf3 c5 4.e3 Qb6 5.Nbd2 Qxb2 6.Bd3 Qc3 7.O-O d5 8.Bxf6 gxf6
9.dxc5 Qxc5 10.c4 Bg7 11.cxd5 Qxd5 12.Qa4+ Nc6 13.Be4 Qd8 14.Bxc6+ bxc6 15.Qxc6+ Bd7
16.Qd6 Qe7 17.Qg3 O-O 18.Rab1 Bc6 19.Nd4 Rac8 20.Qh4 Rfe8 21.Nxc6 Rxc6 22.Qa4 Rec8
23.h3 f5 24.Nf3 Rc3 25.Rb3 Bf6 26.Rd1 Rc1 27.Rb1 Rxb1 28.Rxb1 Qc7 29.Rd1 Qc2
30.Qxc2 Rxc2 31.Rd2 Rc1+ 32.Kh2 h5 33.h4 a5 34.g3 a4 35.Kg2 Kf8 36.Nd4 Ra1
37.Kf3 a3 38.Ke2 Kg7 39.Kd3 Rb1 40.Kc2 Rb2+ 41.Kc1 Rb6  1/2-1/2

[Event "Moscow ol (Men)"]
[Site "Moscow"]
[Date "1994.??.??"]
[Round "9"]
[White "Fernandes, Antonio"]
[Black "Itkis, Boris"]
[Result "1-0"]
[WhiteElo "2425"]
[BlackElo "2455"]

1.d4 Nf6 2.Bg5 e6 3.e4 h6 4.Bxf6 Qxf6 5.Nf3 d6 6.Nc3 Nd7 7.Qd2 c6 8.Nd1 e5
9.Ne3 exd4 10.Nxd4 Nc5 11.f3 a5 12.Rd1 Be7 13.g3 O-O 14.Bg2 Re8 15.O-O Bd8
16.b3 h5 17.a3 Bb6 18.Kh1 h4 19.gxh4 d5 20.exd5 Bc7 21.f4 Bxf4 22.Ng4 Bxg4
23.Rxf4 Qh6 24.Rg1 cxd5 25.Bxd5 Be6 26.Nxe6 Nxe6 27.Rd4 Qxd2 28.Rxd2 Re7
29.Rdg2 Rd8 30.c4 Kh7 31.a4 Rd6 32.Rg4 g6 33.h5 gxh5 34.Be4+ Kh6 35.Rg6+  1-0

[Event "Moscow ol (Men)"]
[Site "Moscow"]
[Date "1994.??.??"]
[Round "12"]
[White "Nilssen, John Arni"]
[Black "Berend, Fred"]
[Result "0-1"]
[WhiteElo "2235"]
[BlackElo "2400"]

1.d4 Nf6 2.Bg5 e6 3.e4 h6 4.Bxf6 Qxf6 5.Nf3 g5 6.e5 Qe7 7.Nc3 d6 8.Bd3 Bg7
9.Qe2 Nc6 10.Bb5 Bd7 11.O-O-O g4 12.Bxc6 Bxc6 13.Nd2 dxe5 14.dxe5 Qg5 15.Kb1 O-O-O
16.Rhe1 h5 17.g3 Rd7 18.f4 gxf3 19.Nxf3 Rxd1+ 20.Qxd1 Qg4 21.Nd4 Qxd1+ 22.Nxd1 Bd7
23.Nf2 c5 24.Nb3 b6 25.Nc1 Kc7 26.c4 f6 27.Ncd3 Bc8 28.exf6 Bxf6 29.Nf4 Bd4
30.Ne4 Kc6 31.b3 a6 32.a4 Bd7 33.Kc2 b5 34.axb5+ axb5 35.cxb5+ Kxb5 36.Nxe6 Bxe6
37.Nd6+ Kc6 38.Rxe6 Kd5 39.Rg6 Rf8 40.Nb5 Rf2+ 41.Kd3 Rf3+ 42.Ke2 Rf2+ 43.Kd3 Rf3+
44.Ke2 Rxb3 45.Nxd4 Kxd4 46.h4 Rb2+ 47.Kd1 Kc3 48.Rg5 c4 49.Rxh5 Rd2+ 50.Ke1 Kc2
51.Ra5 c3 52.Ra2+ Kc1 53.Ra1+ Kb2 54.Ra8 Rh2 55.Rb8+ Kc1 56.Rc8 c2 57.Rb8 Rg2
58.Rb3 Rd2 59.Rb8 Rd3 60.Ke2 Rxg3 61.h5 Rh3 62.Rb5 Rh2+ 63.Ke1 Rh4 64.Ke2 Rh3
65.Rb7 Rxh5 66.Rb8 Re5+ 67.Kf2 Kd2 68.Rd8+ Kc3 69.Rc8+ Kd3 70.Kf3 Rf5+ 71.Kg2 Rf4  0-1

[Event "JUG-chT"]
[Site "Nis"]
[Date "1994.??.??"]
[Round "?"]
[White "Lajthajm, Borko"]
[Black "Ilic, Zoran"]
[Result "0-1"]
[WhiteElo "2310"]
[BlackElo "2385"]

1.d4 Nf6 2.Bg5 e6 3.c3 h6 4.Bxf6 Qxf6 5.Nf3 d6 6.Nbd2 g5 7.h3 Bg7 8.Qc2 Nc6
9.e3 Qe7 10.Bd3 Bd7 11.a4 a5 12.Bb5 f5 13.O-O-O O-O-O 14.Nc4 b6 15.Qb3 Nb8
16.Bxd7+ Qxd7 17.Ne1 Qc6 18.f3 Nd7 19.Nd3 d5 20.Na3 e5 21.Nb5 Kb8 22.dxe5 Nxe5
23.Nxe5 Bxe5 24.Nd4 Bxd4 25.Rxd4 Rhe8 26.Rhd1 Rxe3 27.Rxd5 Rxd5 28.Rxd5 Re1+
29.Rd1 Re2 30.Rd2 Re1+ 31.Rd1 Re8 32.Qb5 Qe6 33.Kc2 f4 34.Rd2 Kb7 35.Rd4 Qg6+
36.Kb3 Qf7+ 37.Kc2 Qg6+ 38.Kb3 Qe6+ 39.Kc2 Qg6+ 40.Kb3 Qc6 41.h4 Qxb5+ 42.axb5 Re5
43.c4 Re2 44.hxg5 hxg5 45.g3 Re3+ 46.Kc2 Rxf3 47.gxf4 Rxf4 48.Rxf4 gxf4 49.Kd3 c6
50.Ke4 cxb5 51.cxb5 Kc7 52.Kxf4 Kd6 53.Ke4 Kc5 54.Kd3 Kxb5 55.Kc3 a4 56.Kd3 Kb4
57.Kc2 a3  0-1

[Event "JUG-chT"]
[Site "Nis"]
[Date "1994.??.??"]
[Round "?"]
[White "Stanojevic, Branko"]
[Black "Martinovic, Slobodan"]
[Result "1-0"]
[WhiteElo "2345"]
[BlackElo "2465"]

1.d4 Nf6 2.Bg5 e6 3.c3 c5 4.e3 b6 5.Nd2 Bb7 6.Ngf3 Be7 7.Bd3 d5 8.Ne5 Nfd7
9.Bxe7 Qxe7 10.Nxd7 Nxd7 11.O-O O-O 12.f4 g6 13.g4 f6 14.Qf3 e5 15.Bb5 e4
16.Qg3 Qd6 17.Bxd7 Qxd7 18.f5 g5 19.Rf2 Rf7 20.Nf1 Ba6 21.a4 cxd4 22.exd4 Bxf1
23.Kxf1 Rc8 24.Qe3 a6 25.Rc2 Qd6 26.Rf2 Kg7 27.Ke2 h6 28.Kd2 Rfc7 29.h4 b5
30.hxg5 hxg5 31.Rh1 b4 32.Qh3 bxc3+ 33.bxc3 Rg8 34.Qh6+ Kf7 35.Rb1 e3+ 36.Kxe3 Qg3+
37.Ke2 Re7+ 38.Kf1 Qd3+ 39.Kg2 Qxb1 40.Qh5+ Kf8 41.Qh6+ Ke8 42.Qxf6 Qe4+
43.Kg3 Qe3+ 44.Kg2 Qe4+ 45.Kg3 Rc7 46.Rf3 Qe1+ 47.Kg2 Qe2+ 48.Kg3 Rgg7 49.Qe5+ Rge7
50.Qxd5 Qe1+  1-0

[Event "NLD-chT9495"]
[Site "?"]
[Date "1994.??.??"]
[Round "3"]
[White "Zagema, Wieb"]
[Black "Van Heirzeele, Daniel"]
[Result "1-0"]
[WhiteElo "2355"]
[BlackElo "2235"]

1.d4 Nf6 2.Bg5 e6 3.e4 h6 4.Bxf6 Qxf6 5.c3 d6 6.Bd3 Nd7 7.Nd2 c6 8.Ne2 e5
9.O-O g5 10.Ng3 Be7 11.Be2 Bd8 12.Bg4 O-O 13.Nc4 exd4 14.Nh5 Qe7 15.Qxd4 Nb6
16.Qg7+  1-0

[Event "NLD-chT9495"]
[Site "?"]
[Date "1994.??.??"]
[Round "7"]
[White "Kerkmeester, Heico"]
[Black "Van Heirzeele, Daniel"]
[Result "1-0"]
[WhiteElo "2220"]
[BlackElo "2235"]

1.d4 Nf6 2.Bg5 e6 3.Nf3 h6 4.Bh4 c5 5.e3 Be7 6.Nbd2 cxd4 7.exd4 b6 8.c3 O-O
9.Qc2 Bb7 10.Bd3 Nd5 11.Bg3 f5 12.h4 f4 13.Bh2 Nc6 14.Ne4 Bxh4 15.Nd6 Be7
16.Nxb7 Qc7 17.Qe2 Qxb7 18.Qe4 Rf5 19.g4 fxg3 20.Bxg3 Nf6 21.Qe3 Nxd4 22.Bxf5 Nxf3+
23.Ke2 exf5 24.Qxf3 Qa6+ 25.Qd3 Qa5 26.b4 Qa3 27.Be5 Re8 28.Kf1 Qb2 29.Re1 Ne4
30.Re2 Qc1+ 31.Re1 Qb2 32.Rh2 d6 33.f3 Qa3 34.Qd5+ Kh7 35.Qf7 Qa6+ 36.Kg1 Rf8
37.Qxg7+  1-0

[Event "NLD-sf"]
[Site "?"]
[Date "1994.??.??"]
[Round "5"]
[White "Zagema, Wieb"]
[Black "Van Blitterswijk, Stefan"]
[Result "1-0"]
[WhiteElo "2355"]
[BlackElo "2295"]

1.d4 Nf6 2.Bg5 e6 3.e4 h6 4.Bxf6 Qxf6 5.c3 d6 6.Nf3 g5 7.Na3 Qe7 8.Bd3 Bg7
9.h4 Nc6 10.hxg5 hxg5 11.Rxh8+ Bxh8 12.Qd2 Bf6 13.b4 g4 14.Nh2 Bg5 15.Qe2 f5
16.Nc4 Bd7 17.b5 Nd8 18.Nf1 Nf7 19.exf5 exf5 20.Qxe7+ Kxe7 21.Na5 b6 22.Nc6+ Bxc6
23.bxc6 Kf6 24.Ng3 Nh6 25.Kf1 Re8 26.Rb1 Bh4 27.Ne2 Ng8 28.Nf4 Ne7 29.Re1 Bg5
30.Nd5+ Kf7 31.Nxc7 Rc8 32.Bc4+ Kg6 33.Re6+ Kg7 34.Rxe7+ Bxe7 35.Ne6+ Kf6
36.c7 d5 37.Ba6 Kxe6 38.Bxc8+ Kd6 39.Bxf5 Kxc7 40.Bxg4 b5 41.Ke2 b4 42.cxb4 Bxb4
43.Be6 Kd6 44.Bg8 Ba5 45.g4 Bd8 46.f4 a5 47.a4 Bb6 48.Ke3 Bd8 49.g5 Be7 50.Kf3 Bd8
51.Kg4 Bb6 52.Kh5 Bxd4 53.Kg6 Be3 54.f5 d4 55.Bc4 Ke7 56.f6+ Kf8 57.Kf5 d3
58.g6 Bh6 59.Bxd3 Bg7 60.fxg7+ Kg8 61.Ke6  1-0

[Event "Orange op"]
[Site "Orange"]
[Date "1994.??.??"]
[Round "9"]
[White "Tugui, Adrian"]
[Black "Benitah, Yohan"]
[Result "1-0"]
[WhiteElo "2200"]
[BlackElo "1960"]

1.d4 Nf6 2.Bg5 e6 3.Nf3 Be7 4.e3 O-O 5.Bd3 b6 6.Nbd2 Bb7 7.c3 c5 8.Qc2 h6
9.Bxf6 Bxf6 10.g4 d6 11.h4 Be7 12.O-O-O Nc6 13.g5 h5 14.g6 fxg6 15.Bxg6 cxd4
16.exd4 Nb4 17.Qb3 Bd5 18.Qxb4 Rxf3 19.Nxf3 Bxf3 20.Qc4 Bd5 21.Qe2 Bxh1 22.Rxh1 Bg5+
23.Kb1 Qf6 24.Qe4  1-0

[Event "Pardubice op"]
[Site "Pardubice"]
[Date "1994.??.??"]
[Round "6"]
[White "Dyachkov, Sergej"]
[Black "Silman, Jeremy D"]
[Result "1/2-1/2"]
[WhiteElo "2510"]
[BlackElo "2415"]

1.d4 Nf6 2.Bg5 e6 3.Nd2 c5 4.c3 Nc6 5.e3 b6 6.Ngf3 Be7 7.Bd3 O-O 8.O-O h6
9.Bh4 Bb7 10.a3 cxd4 11.cxd4 Nd5 12.Bxe7 Ncxe7 13.Re1 f5 14.Nc4 Nf6 15.Nd6 Bd5
16.Rc1 a6 17.e4 fxe4 18.Nxe4 Nxe4 19.Bxe4 Bxe4 20.Rxe4 Rc8 21.Ne5 Rxc1 22.Qxc1 Qc8
23.Qd2 Nd5 24.Re1 Qb7  1/2-1/2

[Event "Paris op"]
[Site "Paris"]
[Date "1994.??.??"]
[Round "1"]
[White "Danielian, Oganes"]
[Black "Hohelj, Stanislav"]
[Result "1-0"]
[WhiteElo "2445"]
[BlackElo "2310"]

1.d4 Nf6 2.Bg5 e6 3.e4 c5 4.d5 h6 5.Bxf6 Qxf6 6.Nc3 d6 7.dxe6 fxe6 8.Nb5 Na6
9.c3 d5 10.exd5 Qe5+ 11.Qe2 Qxd5 12.Nf3 Be7 13.Ne5 O-O 14.Rd1 Qxa2 15.Ng6 Bf6
16.Nxf8 Kxf8 17.Nd6 Bd7 18.Qh5 Be8 19.Nxe8 Rxe8 20.Bb5 Rc8 21.O-O Nb8 22.Qg4 Rc6
23.Qf4 e5 24.Rd8+ Ke7 25.Qd2 Bg5 26.Qd1 Qxb2 27.Bxc6 Nxc6 28.Qd6+  1-0

[Event "Paris"]
[Site "Paris"]
[Date "1994.??.??"]
[Round "3"]
[White "Kosten, Anthony C"]
[Black "Rotstein, Arkadij"]
[Result "0-1"]
[WhiteElo "2515"]
[BlackElo "2480"]

1.d4 Nf6 2.Bg5 e6 3.e4 h6 4.Bxf6 Qxf6 5.Nf3 b6 6.Bd3 Bb7 7.Nbd2 Qd8 8.Qe2 Be7
9.O-O-O c5 10.d5 exd5 11.exd5 Bxd5 12.Qe5 Be6 13.Qxg7 Bf6 14.Qg3 d5 15.c4 Kf8
16.Qf4 Rg8 17.Qxh6+ Bg7 18.Qf4 Nc6 19.Bh7 Rh8 20.Ng5 Nd4 21.Rhe1 Bf5 22.Re5 Rxh7
23.Rde1 Rh5 24.h4 Rxg5 25.hxg5 Bg6 26.Rxd5 Qc8 27.Ne4 Qa6 28.Qd6+ Kg8 29.Qe7 Qxc4+
30.Nc3 Qd3 31.Rd8+  0-1

[Event "SCO-chT1"]
[Site "?"]
[Date "1994.??.??"]
[Round "?"]
[White "Beaton, Kenneth S"]
[Black "Grant, Jonathan"]
[Result "1/2-1/2"]
[WhiteElo "2115"]
[BlackElo "2255"]

1.d4 Nf6 2.Bg5 e6 3.Nf3 c5 4.e3 Be7 5.Nbd2 b6 6.Bd3 Bb7 7.c3 Nc6 8.a3 cxd4
9.cxd4 O-O 10.O-O Nd5 11.Bxe7 Qxe7 12.b4 d6 13.Rc1 Rac8 14.Qb3 Nb8 15.Qb2 Nd7
16.Rfe1 f5 17.Rxc8 Rxc8 18.Rc1 Rxc1+ 19.Qxc1 N7f6 20.h3 h6 21.Qc2 Qd7 22.b5 Nc7
23.a4 Ncd5 24.Bc4 g6 25.Qb2 Kg7 26.Ne1 Qc7 27.Nd3 g5 28.Nb4 Ne4 29.Nxd5 Bxd5
30.Bd3 Qc3 31.Qxc3 Nxc3 32.Bc2 Kf6 33.Kf1 e5 34.f3 exd4 35.exd4 Ke6 36.g4 f4
37.Bf5+ Ke7 38.Bc2 Ba2 39.Ne4 Nd5 40.Ke1 Ne3 41.Bd3 Bb3 42.Nc3 Nc2+ 43.Bxc2 Bxc2
44.Kd2 Bb3 45.Kd3 Ke6 46.Kd2 Bc4 47.Ke1 Bd3 48.Kf2 a6 49.Ke1 Bc2 50.Ke2 axb5  1/2-1/2

[Event "SCO-ch"]
[Site "SCO"]
[Date "1994.??.??"]
[Round "?"]
[White "Condie, Mark L"]
[Black "Grant, Jonathan"]
[Result "0-1"]
[WhiteElo "2455"]
[BlackElo "2255"]

1.d4 Nf6 2.Bg5 e6 3.e4 h6 4.Bxf6 Qxf6 5.Nc3 Bb4 6.Ne2 d6 7.Qd2 e5 8.a3 Bxc3
9.Nxc3 c6 10.O-O-O O-O 11.Bc4 Nd7 12.Rhf1 Qf4 13.Qxf4 exf4 14.Ne2 g5 15.h4 Re8
16.hxg5 hxg5 17.f3 d5 18.Bd3 dxe4 19.fxe4 Nf6 20.e5 Nd5 21.Rf2 Bg4 22.g3 fxg3
23.Nxg3 Bxd1 24.Kxd1 Nf4 25.Bc4 Rad8 26.c3 Rxe5 27.Kc2 Re1 28.Nf5 Rh1 29.Ng3 Rg1
30.Ne4 Rg2 31.Rxg2 Nxg2 32.Nxg5 Ne3+ 33.Kd3 Nxc4 34.Kxc4 Kg7 35.Kd3 Kg6 36.Nf3 Kf5
37.c4 Rh8 38.d5 Rh3 39.Ke2 cxd5 40.c5 Kf4 41.Nd2 f5 42.b3 Rc3  0-1

[Event "SCO-ch"]
[Site "SCO"]
[Date "1994.??.??"]
[Round "?"]
[White "Henderson, John B"]
[Black "Pyrich, George"]
[Result "1/2-1/2"]
[WhiteElo "2230"]
[BlackElo "2085"]

1.d4 Nf6 2.Bg5 e6 3.Nf3 c5 4.e3 Be7 5.Nbd2 b6 6.c3 h6 7.Bh4 Bb7 8.Bd3 d5
9.O-O Nc6 10.a3 O-O 11.Qb1 Qc7 12.b4 Nh5 13.Bxe7  1/2-1/2

[Event "SCO-ch"]
[Site "SCO"]
[Date "1994.??.??"]
[Round "?"]
[White "Beaton, Kenneth S"]
[Black "Pyrich, George"]
[Result "1/2-1/2"]
[WhiteElo "2115"]
[BlackElo "2085"]

1.d4 Nf6 2.Bg5 e6 3.Nf3 c5 4.e3 Be7 5.Nbd2 b6 6.Bd3 Bb7 7.O-O O-O 8.c3 Nc6
9.a3 d5 10.Qb1 h6 11.Bh4 Nd7 12.Bg3 Bf6 13.b4 Qc8 14.Qb2 c4 15.Bc2 Ne7 16.e4 dxe4
17.Nxe4 Nf5 18.Bf4 Bd5 19.Rfe1 Qd8 20.Rad1 b5 21.a4 bxa4 22.Bxa4 Nb6 23.Bc2 Bxe4
24.Bxe4 Nd5 25.Be5 Be7 26.Ra1 Nd6 27.Bxd6 Qxd6 28.Ne5 Qc7 29.Ra5 Rfd8 30.Rea1 Bd6
31.Nf3 Rd7 32.Kh1 Bf4 33.Rc5 Qd8 34.Rxc4 Nb6 35.Rc5 Rc8 36.Qe2 Bd6 37.Rxc8 Qxc8
38.Qb2 Rc7 39.g3 f5 40.Bc2  1/2-1/2

[Event "St Petersburg op"]
[Site "St Petersburg"]
[Date "1994.??.??"]
[Round "4"]
[White "Chepukaitis, Genrikh"]
[Black "Yemelin, Vasily"]
[Result "1/2-1/2"]
[WhiteElo "2235"]
[BlackElo "2475"]

1.d4 Nf6 2.Bg5 e6 3.e3 c5 4.Nd2 h6 5.Bh4 Be7 6.c3 d5 7.Ngf3 Qb6 8.Qb3 Nc6
9.Be2 Bd7 10.O-O Qxb3 11.axb3 g5 12.Bg3 Nh5 13.dxc5 Bxc5 14.b4 Nxg3 15.hxg3 Bb6
16.e4 g4 17.exd5 exd5 18.b5 gxf3 19.bxc6 fxe2 20.cxd7+ Kxd7 21.Rfe1 Rae8
22.Ra4 Rhg8 23.g4 Rg6 24.Rf4 Re7 25.Nf3 Bc7 26.Rd4 Kc6 27.Nh4 Rg5 28.Nf5 Re6
29.Rd2 Bb6 30.Rdxe2 Rxe2 31.Rxe2 h5 32.Nh6 hxg4 33.Nxf7 Rg7 34.Ne5+ Kd6 35.Kf1 g3
36.fxg3 Rxg3 37.Ke1 a5 38.Kd2 Rg8 39.Kc2 Rg7 40.Nd3 Rg4 41.Nf2 Bxf2 42.Rxf2 Kc5
43.Kb3 b5 44.Rf8 a4+ 45.Ka3 Rxg2 46.Rc8+ Kb6 47.Rb8+ Ka6 48.b3 axb3 49.Kxb3  1/2-1/2

[Event "EUCup Gr2"]
[Site "Strasbourg"]
[Date "1994.??.??"]
[Round "?"]
[White "Lputian, Smbat G"]
[Black "Gruenberg, Hans Ulrich"]
[Result "1/2-1/2"]
[WhiteElo "2590"]
[BlackElo "2460"]

1.d4 Nf6 2.Bg5 e6 3.e4 h6 4.Bxf6 Qxf6 5.Nf3 d6 6.Nc3 g5 7.e5 dxe5 8.Nxe5 Bg7
9.Bb5+ c6 10.Be2 Nd7 11.Ne4 Qe7 12.Nc4 O-O 13.O-O c5 14.dxc5 Nxc5 15.Nxc5 Qxc5
16.c3 b6 17.Qd6 Ba6 18.Qxc5 bxc5 19.Rfe1 Bxc4 20.Bxc4 Rab8 21.Re2 Rb6 22.Rc1 Rfb8
23.Rcc2 Rd8 24.g3 Bf6 25.Kg2 Kg7 26.Kf3 h5 27.h3 Rbd6 28.Rc1 Rd2 29.Ke3 R2d6
30.Rb1 Kg6 31.Kf3 Bg7 32.Re4 Rd2 33.g4 Bf6 34.Kg2 Be7 35.Bb3 hxg4 36.hxg4 R8d3
37.Bc4 Rd7 38.Bb3 R7d3 39.Rc1 Kg7 40.Bc2 Rd8 41.Ra4 Bd6 42.Bb3 Bb8 43.Rc2 Rxc2
44.Bxc2 Rd2 45.Bb3 Rxb2 46.Ra5 Kf6 47.Rxc5 Be5  1/2-1/2

[Event "SWE-chT 9394"]
[Site "SWE"]
[Date "1994.??.??"]
[Round "5"]
[White "Eriksson, Mats"]
[Black "Jonsson, Hans"]
[Result "1/2-1/2"]
[WhiteElo "2225"]
[BlackElo "2340"]

1.d4 Nf6 2.Bg5 e6 3.Nf3 h6 4.Bh4 c5 5.e3 b6 6.Bd3 Bb7 7.O-O Be7 8.Nbd2 O-O
9.c3 d6 10.Qe2 Nbd7 11.a4 a6 12.Rfc1 Re8 13.Rab1 e5 14.dxe5 dxe5 15.Bxf6 Bxf6
16.Be4 Qc7 17.Rd1 Bxe4 18.Nxe4 Be7 19.Qc4 Nf6 20.Nxf6+ Bxf6 21.e4 Red8 22.b4 Rxd1+
23.Rxd1 Rd8 24.Rxd8+ Qxd8 25.bxc5 bxc5 26.g3 Qd6 27.Kg2 g6 28.Ne1 Kg7 29.h4 h5
30.Nc2 Bd8 31.Ne3 Ba5 32.Nd5 Bd8 33.Qb3 Qe6 34.f3 Qd6 35.Qb7 Ba5 36.Qb3 Bd8
37.Qc4 Ba5 38.Kf2 f5 39.Qb3 Kh6 40.Kg2 Bd8 41.Qb7 fxe4 42.fxe4 Qe6 43.Qb8 Qg4
44.Kf2 Qd1 45.Ne3 Qd2+ 46.Kf3 Bf6 47.Qf8+ Bg7 48.Qxc5 Kh7 49.Qc4 Bh6 50.Nf1 Qd1+
51.Kg2 a5 52.Kf2 Qc2+ 53.Kg1 Qd1 54.Qc7+ Kg8 55.Qb6 Kh7 56.Qc7+ Kg8 57.Qb6 Kh7  1/2-1/2

[Event "Terrassa op"]
[Site "Terrassa"]
[Date "1994.??.??"]
[Round "3"]
[White "Bellon Lopez, Juan Manuel"]
[Black "Ubach, Marcelo"]
[Result "1-0"]
[WhiteElo "2460"]
[BlackElo "2310"]

1.d4 Nf6 2.Bg5 e6 3.Nf3 h6 4.Bxf6 Qxf6 5.e4 g6 6.Nc3 Bg7 7.Qd2 d6 8.O-O-O O-O
9.h4 h5 10.e5 Qe7 11.Qf4 f6 12.Qg3 Bh6+ 13.Kb1 Kg7 14.Bd3 f5 15.Ne2 d5 16.Nfg1 Kh7
17.Nh3 b6 18.Nef4 Rg8 19.c3 Bd7 20.f3 Be8 21.Ng5+ Bxg5 22.Qxg5 Rg7 23.g4 Kg8
24.Qf6 hxg4 25.fxg4 fxg4 26.Qxe6+ Qxe6 27.Nxe6 Rd7 28.Rdf1 Re7 29.Rf8+ Kh7
30.Nxc7  1-0

[Event "Timisoara (Women)"]
[Site "Timisoara"]
[Date "1994.??.??"]
[Round "3"]
[White "Agababian, Naira"]
[Black "Shumiakina, Tatiana"]
[Result "1/2-1/2"]
[WhiteElo "2205"]
[BlackElo "2330"]

1.d4 Nf6 2.Bg5 e6 3.e3 c5 4.c3 b6 5.Nd2 Bb7 6.Ngf3 Be7 7.Bd3 O-O 8.O-O d5
9.Rb1 h6 10.Bh4 Nbd7 11.b4 cxb4 12.cxb4 Bd6 13.Rc1 Rc8 14.Qb3 Rxc1 15.Rxc1 Qb8
16.Bb5 Rc8 17.Rb1 a6 18.Bxd7 Nxd7 19.Bg3 Bxg3 20.hxg3 Qc7 21.a4 Qc3 22.Kf1 Qxb3
23.Rxb3 Kf8 24.Ke2 Ke7  1/2-1/2

[Event "Timisoara (Women)"]
[Site "Timisoara"]
[Date "1994.??.??"]
[Round "13"]
[White "Agababian, Naira"]
[Black "Sheremetieva, Marina"]
[Result "1-0"]
[WhiteElo "2205"]
[BlackElo "2285"]

1.d4 Nf6 2.Bg5 e6 3.e3 h6 4.Bh4 Be7 5.Nd2 b6 6.Ngf3 Bb7 7.Bd3 g5 8.Bg3 g4
9.Ne5 h5 10.Rg1 d6 11.Nec4 Nc6 12.c3 h4 13.Bf4 Rg8 14.Qe2 Qd7 15.O-O-O O-O-O
16.Nb3 Nd5 17.Qc2 Kb8 18.Kb1 f5 19.g3 Bf6 20.Na3 a6 21.Ka1 Nce7 22.e4 fxe4
23.Bxe4 Qa4 24.Bc1 b5 25.Nb1 Nc8 26.gxh4 Bxh4 27.Qe2 Rdf8 28.Rdf1 Nce7 29.Bc2 b4
30.Nc5 Qa5 31.Nxb7 Kxb7 32.c4 Nf4 33.Bxf4 Rxf4 34.Qxe6 Rg7 35.Nd2 Qg5 36.Nb3 Bxf2
37.c5 Bxd4 38.Be4+ Kb8 39.Nxd4 d5 40.Nc6+ Kb7 41.Na5+  1-0

[Event "Val Thorens Principal"]
[Site "Val Thorens"]
[Date "1994.??.??"]
[Round "9"]
[White "Marzolo, Cyril"]
[Black "Lalic, Susan"]
[Result "1/2-1/2"]
[WhiteElo "1970"]
[BlackElo "2375"]

1.d4 Nf6 2.Bg5 e6 3.e4 h6 4.Bxf6 Qxf6 5.Nf3 b6 6.Bd3 Bb7 7.Qe2 c5 8.c3 cxd4
9.Nxd4 a6 10.Nd2 d6 11.O-O Nd7 12.f4 Qd8 13.e5 dxe5 14.fxe5 Bc5 15.Kh1 O-O
16.Rae1 b5 17.Bb1 Bd5 18.Qd3 g6 19.Qh3 h5 20.Ne4 Be7 21.Ng3 Bh4 22.Rf4 Bg5
23.Nxh5 Bxf4 24.Nxf4 Kg7 25.Nxd5 exd5 26.Nf5+ gxf5 27.Qg3+ Kh6  1/2-1/2

[Event "LTU-ch (Women)"]
[Site "Vilkaviskis"]
[Date "1994.??.??"]
[Round "1"]
[White "Paulauskiene, Vilma"]
[Black "Milasiute, Vygante"]
[Result "0-1"]
[WhiteElo "2065"]
[BlackElo "2085"]

1.d4 Nf6 2.Bg5 e6 3.e4 Be7 4.Bd3 d5 5.Bxf6 Bxf6 6.e5 Be7 7.Qg4 O-O 8.Nf3 c5
9.dxc5 Nc6 10.a3 Qc7 11.Qg3 Qa5+ 12.Nbd2 Nb4 13.O-O Nxd3 14.cxd3 Qxc5 15.b4 Qb6
16.Nb3 Bd7 17.Rfc1 Rfc8 18.Qf4 Qa6 19.Rxc8+ Rxc8 20.d4 Rc3 21.Na5 b6 22.Ng5 Be8
23.Qd2 Rd3  0-1

[Event "Wrexham"]
[Site "Wrexham"]
[Date "1994.??.??"]
[Round "?"]
[White "Bezold, Michael"]
[Black "Dive, Russell John"]
[Result "1/2-1/2"]
[WhiteElo "2475"]
[BlackElo "2315"]

1.d4 Nf6 2.Bg5 e6 3.e4 h6 4.Bxf6 Qxf6 5.Qd2 d6 6.Nc3 c6 7.f4 e5 8.dxe5 dxe5
9.fxe5 Qxe5 10.Nf3 Qa5 11.Bc4 Bb4 12.O-O O-O 13.Kh1 Nd7 14.Rad1 Qc5 15.Bb3 a5
16.e5 Bxc3 17.bxc3 a4 18.e6 Nf6 19.exf7+ Kh8 20.Bc4 b5 21.Bd3 Rxf7 22.Rde1 Re7
23.Rxe7 Qxe7 24.Re1 Qc5 25.Ne5 Kg8 26.Ng6 Bd7 27.Ne7+ Kf8 28.Ng6+ Kg8 29.Ne7+ Kf8
30.Ng6+ Kg8  1/2-1/2

[Event "Ibercaja op"]
[Site "Zaragoza"]
[Date "1994.??.??"]
[Round "3"]
[White "Anguix Garrido, Juan Francisco"]
[Black "Todorcevic, Miodrag"]
[Result "0-1"]
[WhiteElo "2325"]
[BlackElo "2505"]

1.d4 Nf6 2.Bg5 e6 3.e4 h6 4.Bxf6 Qxf6 5.Nf3 d6 6.Nc3 Qd8 7.Qd2 Be7 8.Be2 a6
9.O-O-O b5 10.h4 Bb7 11.d5 e5 12.g4 Nd7 13.Rdg1 Nc5 14.Qe3 b4 15.Nd1 c6 16.Bc4 cxd5
17.exd5 Qc7 18.Nd2 Rc8 19.Qe2 a5 20.Ne3 a4 21.g5 Nd7 22.Ne4 b3 23.axb3 axb3
24.Bxb3 Ra8 25.g6 fxg6 26.Qg4 Nc5 27.Nxc5 Qxc5 28.Qxg6+ Kd8 29.Qe4 Rf8 30.Nd1 Rf4
31.Qe3 Rxf2 32.Qxf2 Ra1+ 33.Kd2 Rxd1+ 34.Kxd1 Qxf2 35.Rf1 Qd4+ 36.Kc1 Bxd5  0-1

[Event "Agios Nikolaos op"]
[Site "Agios Nikolaos"]
[Date "1995.??.??"]
[Round "8"]
[White "Miladinovic, Igor"]
[Black "Nenashev, Alexander"]
[Result "0-1"]
[WhiteElo "2535"]
[BlackElo "2605"]

1.d4 Nf6 2.Bg5 e6 3.e4 h6 4.Bxf6 Qxf6 5.Nc3 Bb4 6.Nf3 Nc6 7.e5 Qe7 8.Bd3 d6
9.O-O dxe5 10.dxe5 Bxc3 11.bxc3 Qc5 12.Qe1 b6 13.Rb1 Bb7 14.Rb5 Qe7 15.Qe3 Rd8
16.Re1 Qd7 17.Rbb1 Ne7 18.Nd2 O-O 19.Rb4 Nf5 20.Qh3 Ba6 21.c4 Bb7 22.Nf1 Qe7
23.Ra4 a5 24.c5 Qxc5 25.Rc4 Qe7 26.Rg4 Kh8 27.Ng3 Nxg3 28.hxg3 f5 29.exf6 Rxf6
30.Rf4 Bd5 31.Qg4 Bxa2 32.Rxf6 Qxf6 33.Qe4 Kg8 34.Qh7+ Kf7 35.c4 b5 36.Re3 Bxc4
37.Bxc4 Qa1+ 38.Kh2 bxc4 39.Qe4 Kg8 40.Qxc4 Rd5 41.g4 Qf6 42.Qe2 Qh4+ 43.Rh3 Qe7
44.Rb3 a4 45.Rb8+ Rd8 46.Rxd8+ Qxd8 47.Qxe6+ Kh8 48.f4 a3 49.g5 Qd6 50.Qc8+ Kh7
51.Qf5+ Qg6 52.Qa5 Qe4 53.g6+ Kxg6 54.Qxa3 Qxf4+ 55.g3 Qd2+ 56.Kh3 Qc2  0-1

[Event "Donner mem op"]
[Site "Amsterdam"]
[Date "1995.??.??"]
[Round "5"]
[White "Piket, Joop J"]
[Black "Stefansson, Hannes"]
[Result "0-1"]
[WhiteElo "2245"]
[BlackElo "2520"]

1.d4 Nf6 2.Bg5 e6 3.e4 h6 4.Bxf6 Qxf6 5.Nf3 d6 6.h4 e5 7.c3 Be7 8.Nbd2 O-O
9.dxe5 dxe5 10.h5 a5 11.Nc4 Nd7 12.Ne3 c6 13.Nh4 Nc5 14.Qc2 Qf4 15.Nhf5 Bg5
16.Bd3 Rd8 17.Rd1 Rxd3 18.Rxd3 Qxe4  0-1

[Event "Ankara zt"]
[Site "Ankara"]
[Date "1995.??.??"]
[Round "2"]
[White "Arduman, Can"]
[Black "Zadrima, Aldo"]
[Result "1/2-1/2"]
[WhiteElo "2385"]
[BlackElo "2270"]

1.d4 Nf6 2.Bg5 e6 3.Nd2 d5 4.e3 Nbd7 5.Ngf3 c5 6.dxc5 Bxc5 7.c4 Be7 8.a3 O-O
9.Be2 b6 10.O-O Bb7 11.Rc1 dxc4 12.Bxc4 Nd5 13.Bxe7 Qxe7 14.Qe2 a6 15.h3 b5
16.Bd3 Rfc8 17.Nb3 N5f6 18.Rfd1 Nc5 19.Nxc5 Rxc5 20.Rxc5 Qxc5 21.Qc2 Qxc2
22.Bxc2 Rc8  1/2-1/2

[Event "ARG-ch"]
[Site "?"]
[Date "1995.??.??"]
[Round "4"]
[White "Fiorito, Fabian"]
[Black "Ricardi, Pablo"]
[Result "0-1"]
[WhiteElo "2450"]
[BlackElo "2545"]

1.d4 Nf6 2.Bg5 e6 3.e4 c5 4.e5 h6 5.Bc1 Ng8 6.c3 Nc6 7.Nf3 Nge7 8.Bd3 d6
9.exd6 Qxd6 10.O-O Bd7 11.Na3 cxd4 12.Nb5 Qb8 13.cxd4 Nd5 14.Nc3 Nf6 15.a3 Be7
16.Re1 O-O 17.Bc2 Qd6 18.g3 Na5 19.Qd3 Rac8 20.Ne5 Rfd8 21.Ng4 Bc6 22.Be3 b6
23.Nxf6+ Bxf6 24.b4 Bb7 25.Ne4 Bxe4 26.Qxe4 Nc4 27.Qh7+ Kf8 28.Rad1 Nxe3
29.fxe3 Rc3 30.Be4 Rxa3 31.Rc1 Rxe3 32.Rxe3 Bxd4 33.Kg2 Bxe3 34.Rf1 Qe5 35.Bg6 Rd2+
36.Kh3 Bf2 37.Qh8+ Ke7 38.Qxg7 Qxg7  0-1

[Event "Donau op"]
[Site "Aschach"]
[Date "1995.??.??"]
[Round "5"]
[White "Ennsberger, Ulrich"]
[Black "Weiss, Christian"]
[Result "1-0"]
[WhiteElo "2160"]
[BlackElo "2265"]

1.d4 Nf6 2.Bg5 e6 3.e4 b6 4.Bxf6 Qxf6 5.Nc3 d6 6.Nf3 a6 7.Qd2 Nd7 8.O-O-O Qd8
9.h4 b5 10.e5 d5 11.Qf4 Nb6 12.g4 g6 13.g5 h5 14.Qf6 Qxf6 15.gxf6 Bh6+ 16.Kb1 Bd7
17.Bd3 b4 18.Ne2 Nc4 19.Neg1 O-O-O 20.Nh3 Kb7 21.Nhg5 Rhf8 22.Nh7 Rh8 23.Nfg5 Bxg5
24.Nxg5 Rhf8 25.Nh7 Rh8 26.Ng5 Rhf8 27.Nh7 Rh8 28.Ng5 Rhf8 29.Rhe1 Bc8 30.b3 Na3+
31.Kb2 Kb6 32.c3 a5 33.cxb4 axb4 34.Rc1 Bd7 35.Nh7 Rh8 36.Ng5 Rhf8 37.Nh7 Rh8
38.Ng5 Rhf8 39.Rc5 Nb5 40.Bxb5 Bxb5 41.Rec1 Rd7 42.Ra1 Ra8 43.a3 bxa3+ 44.Rxa3 Rxa3
45.Kxa3 c6 46.f4 Ba6 47.Kb4 Bb5 48.Ka3 Ba6 49.Kb2 Ra7 50.Rc1 Rd7 51.Ra1 Rc7
52.Rg1 Bd3 53.Kc3 Bf5 54.Ra1 Kb7 55.Kb4 Rd7 56.Kc5 Bd3 57.Ra5 Be2 58.Ra2 Bd3
59.Nf3 Be4 60.Nd2 Bd3 61.Ra3 Be2 62.Nb1 Rd8 63.Nc3 Bd3 64.Ra5 Bf1 65.Kb4 Bd3
66.Na4 Bb5 67.Nc5+ Kb6 68.Ra1 Be2 69.Ra2 Bb5 70.Rg2 Ra8  1-0